[Event "AUT-chT2S 9697"]
[Site "Austria"]
[Date "1996.??.??"]
[Round "5"]
[White "Schroecker, Hans Peter"]
[Black "Scheck, Rudolf"]
[Result "0-1"]
[WhiteElo "2220"]
[BlackElo "2185"]

1.g3 d5 2.Nf3 Nf6 3.Bg2 b6 4.c4 e6 5.d4 c6 6.O-O Be7 7.Nc3 O-O 8.Ne5 Bb7
9.e4 Nbd7 10.Nxc6 Bxc6 11.exd5 exd5 12.cxd5 Bb7 13.d6 Bxg2 14.dxe7 Qxe7 15.Kxg2 Rfe8
16.Be3 Qb4 17.Qb3 Qd6 18.Rac1 a6 19.d5 b5 20.Rfd1 Rac8 21.a3 Rc4 22.Rd4 Ne5
23.Rcd1 Neg4 24.Bf4 Qc5 25.R4d2 Nh5 26.Bg5 h6 27.h3 Nxf2 28.Rxf2 hxg5 29.Qc2 g4
30.hxg4 Rxg4 31.Qf5 Rxg3+ 32.Kh2 Re7 33.d6 Re5 34.Qxf7+ Kh7 35.Rd5 Qe3 36.Qxh5+ Rxh5+
37.Rxh5+ Kg6 38.Rhf5 Rh3+ 39.Kg2 Qg3+ 40.Kf1 Rh1+ 41.Ke2 Qg4+ 42.Kd2 Qxf5
43.Rxf5 Kxf5 44.d7 Rh8  0-1

[Event "AUT-chT9697"]
[Site "Austria"]
[Date "1996.??.??"]
[Round "6"]
[White "Loebler, Heimo"]
[Black "Beck, Hartmuth"]
[Result "1/2-1/2"]
[WhiteElo "2275"]
[BlackElo "2305"]

1.Nf3 d5 2.g3 c6 3.Bg2 Bg4 4.b3 Nd7 5.Bb2 e6 6.O-O Ngf6 7.d3 Be7 8.Nbd2 O-O
9.h3 Bh5 10.e4 a5 11.a4 b5 12.g4 Bg6 13.exd5 cxd5 14.axb5 Qb6 15.Nd4 Bc5
16.Ra4 Bxd4 17.Bxd4 Qxb5  1/2-1/2

[Event "AUT-chT2S 9697"]
[Site "Austria"]
[Date "1996.??.??"]
[Round "7"]
[White "Schroecker, Hans Peter"]
[Black "Senoner, Erich"]
[Result "1-0"]
[WhiteElo "2035"]
[BlackElo "2220"]

1.g3 d5 2.Nf3 Bg4 3.Bg2 e6 4.d3 Nf6 5.Nbd2 c5 6.O-O Nc6 7.c4 Be7 8.cxd5 exd5
9.h3 Bd7 10.e4 O-O 11.Re1 Nb4 12.e5 Ne8 13.Bf1 Bf5 14.Nb3 d4 15.g4 Be6 16.Bf4 a5
17.a3 Nd5 18.Bg3 a4 19.Nbd2 b5 20.Rc1 h6 21.Ne4 Qb6 22.Qd2 b4 23.Bh4 f6 24.Bg2 Rc8
25.exf6 Nexf6 26.Bxf6 Bxf6 27.g5 hxg5 28.Nexg5 Rce8 29.Nxe6 Rxe6 30.Rxe6 Qxe6
31.Rxc5 bxa3 32.Nxd4 Bxd4 33.Bxd5 Qxd5 34.Rxd5 a2 35.Qc1 Bxf2+ 36.Kg2 Be3
37.Qa1 Rf2+ 38.Kg3 a3 39.Qxa2 axb2 40.Rf5+  1-0

[Event "AUT-chT2S 9697"]
[Site "Austria"]
[Date "1996.??.??"]
[Round "7"]
[White "Kastner, Walter"]
[Black "Frank, Detlev"]
[Result "1-0"]
[WhiteElo "1975"]
[BlackElo "2295"]

1.Nf3 d5 2.g3 c5 3.Bg2 Nf6 4.O-O Nc6 5.d4 e6 6.c4 Be7 7.cxd5 Nxd5 8.Nc3 Nf6
9.dxc5 Qxd1 10.Rxd1 Bxc5 11.Nb5 Bb6 12.Nd6+ Ke7 13.Ng5 Rf8 14.b3 Bc5 15.Bxc6 bxc6
16.Nge4 Nxe4 17.Nxe4 Bb4 18.Be3 Rd8 19.Rdc1 Bb7 20.a3 Bd6 21.Rd1 Be5 22.Bc5+ Ke8
23.Rab1 Rd5 24.f4 Bc7 25.Rdc1 Bb6 26.Kf1 Rad8 27.b4 h6 28.Ke1 f5 29.Nc3 Rd2
30.Rd1 Rxd1+ 31.Rxd1 Rxd1+ 32.Kxd1 Kf7 33.Na4 Bxc5 34.Nxc5 Bc8 35.Kd2 Ke7
36.Kd3 Kd6 37.Kd4 h5 38.h4 Kc7 39.Ke5 Kb6 40.Kd6 Kb5 41.Kc7 a5 42.Kxc8 axb4
43.axb4 Kxb4 44.Nd3+ Kc3 45.Kd7 Kd2 46.Kxe6 Kxe2 47.Ne5 Kf2 48.Kxf5 Kxg3
49.Kg5 c5 50.f5 c4 51.Nxc4 Kf3 52.Nd6  1-0

[Event "AUT-chT2S 9697"]
[Site "Austria"]
[Date "1996.??.??"]
[Round "7"]
[White "Bonstingl, Georg"]
[Black "Januschke, Markus"]
[Result "1/2-1/2"]
[WhiteElo "2225"]
[BlackElo "2225"]

1.Nf3 d5 2.g3 Bg4 3.Bg2 Nd7 4.d3 e5 5.e4 c6 6.h3 Bh5 7.O-O Bd6 8.Nbd2 Ne7
9.Qe1 O-O 10.Nh4 f6 11.Ndf3 Qc7 12.g4 dxe4 13.dxe4 Bf7 14.Qe2 b5 15.Rd1 Nb6
16.Be3 Na4 17.c3 Bc5 18.Bxc5 Nxc5 19.Qc2 Rad8 20.b3 Ne6 21.Ne1 Nf4 22.Nd3 Rxd3
23.Rxd3 Nxd3 24.Qxd3 Rd8 25.Qe3 Qb6 26.Qe2 Rd7 27.Rd1 Qd8 28.Bf3 Rxd1+ 29.Qxd1 Qxd1+
30.Bxd1 g5 31.Ng2 Ng6 32.Kf1 Kf8 33.Ke2 Ke7 34.Kd2 Kd6 35.Be2 a5 36.Kc2 Kc5
37.Ne1 a4 38.Bf1 Kb6 39.Ng2 Be6 40.Kb2 axb3 41.axb3 Kc5 42.Ne1 Kb6 43.Ng2 c5
44.Kc2 Ne7 45.Ne3 b4 46.Bc4 Bd7 47.Bd5 bxc3 48.Kxc3 Bb5 49.Bc4 Bc6 50.Bd3 Ng6
51.Ng2 Bb5 52.Bc4 Ka5 53.Bf7 Nf4 54.Nxf4 exf4 55.Bg8 h6 56.Bc4 f3 57.Bd5 Bf1
58.e5 fxe5 59.Bxf3 Kb5 60.Be4 Bxh3 61.Bd3+ Kc6 62.f3 Bg2 63.Be4+ Kd6 64.b4 cxb4+
65.Kxb4 Ke6 66.Kc4 Kf6 67.Kd5 Bh1 68.Kd6 h5 69.gxh5 g4 70.fxg4 Bxe4 71.g5+ Kf5
72.h6 Kf4 73.Ke6  1/2-1/2

[Event "AUT-chT9596"]
[Site "?"]
[Date "1996.??.??"]
[Round "?"]
[White "Postl, Anton"]
[Black "Donev, Ivo Hristov"]
[Result "0-1"]
[WhiteElo "2305"]
[BlackElo "2375"]

1.Nf3 d5 2.g3 c6 3.d3 Bg4 4.Nbd2 Nd7 5.Bg2 e6 6.O-O h5 7.c4 Be7 8.cxd5 exd5
9.Nd4 Bf6 10.N2f3 h4 11.Qe1 hxg3 12.hxg3 Qb6 13.Nb3 Ne7 14.Bd2 O-O 15.Bc3 Rfe8
16.Bxf6 Nxf6 17.Qd2 Nf5 18.Qf4 Rxe2 19.Nh2 Nh6 20.Nxg4 Nhxg4 21.Nd4 Rxb2
22.Nf5 g6 23.Ne7+ Kf8 24.Rae1 Qb4 25.d4 Rxf2  0-1

[Event "AUT-chT9596"]
[Site "?"]
[Date "1996.??.??"]
[Round "?"]
[White "Fauland, Alexander"]
[Black "Chernin, Alexander"]
[Result "1/2-1/2"]
[WhiteElo "2430"]
[BlackElo "2595"]

1.Nf3 d5 2.g3 Bg4 3.Bg2 Nd7 4.c4 e6 5.cxd5 exd5 6.O-O c6 7.d3 Bd6 8.e4 Ne7
9.Nbd2 Nc5 10.Qc2 Ne6 11.b3 O-O 12.Bb2 Bc7 13.b4 Qd6 14.Qc3 Rad8 15.Nb3 Bb6
16.Rac1 dxe4  1/2-1/2

[Event "AUT-chT9596"]
[Site "?"]
[Date "1996.??.??"]
[Round "?"]
[White "Fauland, Alexander"]
[Black "Horvath, Jozsef"]
[Result "1/2-1/2"]
[WhiteElo "2430"]
[BlackElo "2505"]

1.g3 d5 2.Nf3 g6 3.Bg2 Bg7 4.d4 Nf6 5.O-O O-O 6.Nbd2 Na6 7.b3 c5 8.Bb2 Ne4
9.e3 Bg4 10.h3 Bf5 11.g4 Nxd2 12.Nxd2 Be6 13.Nf3 Rc8 14.Ng5 Qd7 15.c4 dxc4
16.Nxe6 fxe6 17.bxc4 cxd4 18.Bxd4 Bxd4 19.exd4 Rxc4 20.d5 e5 21.Qe2 Rcf4
22.Qxe5 Qd6 23.Qe3 Nc5 24.Rae1 R8f7 25.Re2 b6 26.Rfe1 Kf8 27.Qg3 Qf6 28.Re6 Qd4
29.R6e2 g5 30.Rf1 R4f6 31.Qb8+ Kg7 32.Qg3 h6 33.Rfe1 Kf8 34.Qb8+ Kg7 35.Qg3  1/2-1/2

[Event "AUT-chT9596"]
[Site "?"]
[Date "1996.??.??"]
[Round "?"]
[White "Fauland, Alexander"]
[Black "Lukacs, Peter"]
[Result "1-0"]
[WhiteElo "2430"]
[BlackElo "2440"]

1.Nf3 d5 2.g3 c6 3.Bg2 Nf6 4.b3 Bg4 5.Bb2 e6 6.d3 Nbd7 7.Nbd2 Be7 8.e4 O-O
9.h3 Bxf3 10.Qxf3 Ne8 11.O-O Bf6 12.d4 Bg5 13.Qe2 Be7 14.c4 dxe4 15.Nxe4 Nef6
16.Rad1 Re8 17.Bc3 Nxe4 18.Bxe4 Bf6 19.Qf3 Rc8 20.h4 Nb6 21.Kg2 Rc7 22.Bc2 Rd7
23.Qe4 g6 24.Rd3 Bg7 25.h5 Nc8 26.hxg6 hxg6 27.g4 f5 28.Qe3 Nd6 29.f3 b5
30.Rh1 bxc4 31.bxc4 Nxc4 32.Qf4 Nb6 33.Qh2 Nd5 34.Bd2 Kf7 35.Bb3 Rh8 36.Qg3 Rxh1
37.Kxh1 Nb6 38.gxf5 gxf5 39.Bg5 Bf6 40.f4 Qh8+ 41.Kg2 Rxd4 42.Qe1 Bxg5  1-0

[Event "AUT-chT2S 9596"]
[Site "AUT"]
[Date "1996.??.??"]
[Round "?"]
[White "Gazik, Igor"]
[Black "Siklosi, Zoltan"]
[Result "0-1"]
[WhiteElo "2385"]
[BlackElo "2325"]

1.Nf3 d5 2.g3 c6 3.Bg2 Bg4 4.b3 Nd7 5.Bb2 e6 6.d3 Ngf6 7.Nbd2 Bd6 8.O-O O-O
9.h3 Bh5 10.e4 e5 11.Qe1 Re8 12.Nh4 Bg6 13.Kh1 Qc7 14.g4 dxe4 15.dxe4 Nc5
16.Nf5 Bf8 17.Rd1 Rad8 18.Qe3 b5 19.Rfe1 Ne6 20.Nf3 Bc5 21.Qc1 Rxd1 22.Rxd1 Nxe4
23.Bxe5 Qb6 24.Rd7 Bxf5 25.gxf5 Nf8 26.Rd2 f6 27.Bg3 Nxd2 28.Qxd2 Qd8 29.Qc3 Qb6
30.Qd2 Rd8 31.Qe2 Bd6 32.a4 a6 33.h4 Qc5 34.Qd3 Bc7 35.Qe4 Bxg3 36.fxg3 Qd5
37.Qf4 Qd6 38.Qg4 h5 39.Qxh5 Qxg3 40.Nh2 Rd2 41.Qf3 Qxh4 42.axb5 axb5 43.b4 Nd7  0-1

[Event "AUT-ch"]
[Site "AUT"]
[Date "1996.??.??"]
[Round "1"]
[White "Rogetzer, Klaus"]
[Black "Detter, Peter"]
[Result "1/2-1/2"]
[WhiteElo "2085"]
[BlackElo "2260"]

1.Nf3 d5 2.g3 c6 3.Bg2 Bg4 4.O-O Nd7 5.d3 e6 6.b3 Bd6 7.Bb2 Ngf6 8.Nbd2 O-O
9.Qe1 e5 10.e4 Re8 11.Qe2 Nf8 12.Rfe1 Ng6 13.Qf1 d4 14.a3 a5 15.h3 Bd7 16.Nh2 h5
17.h4 Ng4 18.Nxg4 Bxg4 19.Nf3 Nf8 20.Nh2 Be6 21.Qe2 g6 22.Bc1 Nh7 23.Bd2 Qe7
24.a4 Qd7 25.Rf1 Bh3 26.f3 Bxg2  1/2-1/2

[Event "AUT-ch"]
[Site "AUT"]
[Date "1996.??.??"]
[Round "3"]
[White "Rogetzer, Klaus"]
[Black "Beck, Hartmuth"]
[Result "0-1"]
[WhiteElo "2085"]
[BlackElo "2305"]

1.Nf3 d5 2.g3 Bg4 3.Bg2 Nd7 4.d3 e6 5.O-O c6 6.Qe1 Bd6 7.e4 Qc7 8.exd5 cxd5
9.Nc3 Be7 10.Bf4 Qb6 11.Be3 Qd8 12.Bd4 Bxf3 13.Bxf3 Ngf6 14.Qe3 O-O 15.Rfe1 Bb4
16.Qf4 Bc5 17.Bxc5 Nxc5 18.d4 Ncd7 19.Re3 Rc8 20.Be2 Qc7 21.Qxc7 Rxc7 22.Bd3 a6
23.f4 Nb6 24.Re2 Nc4 25.Na4 g6 26.c3 Nd7 27.Bxc4 Rxc4 28.b3 Rc6 29.b4 Rc4
30.Re3 Rfc8 31.Rc1 R8c7 32.Nc5 Nb8 33.Rce1 b6 34.Na4 Nd7 35.a3 a5 36.g4 axb4
37.axb4 Ra7 38.Nb2 Rcc7 39.f5 exf5 40.gxf5 Nf6 41.fxg6 hxg6 42.Rc1 Ra3 43.Nd1 Ne4
44.c4 Ra4 45.Nc3 Rxc4 46.Nxa4 Rxc1+ 47.Kg2 Rc2+ 48.Kh3 f5  0-1

[Event "AUT-ch"]
[Site "AUT"]
[Date "1996.??.??"]
[Round "5"]
[White "Eisterer, Heinrich"]
[Black "Bawart, Markus"]
[Result "0-1"]
[WhiteElo "2340"]
[BlackElo "2255"]

1.Nf3 d5 2.g3 Bg4 3.Bg2 Nc6 4.c4 d4 5.O-O Qd7 6.b4 f6 7.b5 Nd8 8.e3 c5 9.exd4 cxd4
10.d3 e5 11.Nbd2 Nh6 12.h3 Bf5 13.Qe2 Nhf7 14.Kh2 g5 15.Ne4 Be7 16.Ng1 Be6
17.f4 gxf4 18.gxf4 f5 19.Ng3 e4 20.dxe4 Rc8 21.Re1 d3 22.Qb2 Rxc4 23.exf5 Bxf5
24.Nxf5 Qxf5 25.Qb3 Nd6 26.Nf3 Rg8 27.Re5 Rxg2+ 28.Kxg2 Qg6+ 29.Rg5 Bxg5
30.Ne5 Qe4+  0-1

[Event "AUT-ch"]
[Site "AUT"]
[Date "1996.??.??"]
[Round "7"]
[White "Eisterer, Heinrich"]
[Black "Neubauer, Martin"]
[Result "1/2-1/2"]
[WhiteElo "2340"]
[BlackElo "2315"]

1.Nf3 d5 2.g3 Nf6 3.Bg2 c5 4.c4 e6 5.b3 Be7 6.Bb2 O-O 7.O-O Nc6 8.e3 b6 9.Nc3 Bb7
10.cxd5 Nxd5 11.Nxd5 Qxd5 12.d4 Na5 13.e4 Qh5 14.dxc5 Rfd8 15.Qe1 Qxc5 16.Rc1 Qb4
17.Qxb4 Bxb4 18.a3 Bd2 19.Nxd2 Rxd2 20.Bc3 Ra2 21.Bxa5 bxa5 22.Rc7 Ba6 23.Rd1 g6
24.a4 Be2 25.Re1 Rb8 26.Rc3 Rb2 27.e5 Kg7 28.Be4 Rd8 29.Rc2 Rxc2 30.Bxc2 Rd2
31.Be4 Rd1 32.Rxd1 Bxd1 33.f4 Bxb3 34.Bc6 f6 35.Kf2 fxe5 36.fxe5 Bd5 37.Bb5 Kf7
38.Ke3 Ke7 39.Kd4 Kd8 40.Kc5 Kc7 41.Bd3 Bc6 42.Bc2 Be8 43.h4 h6 44.Bd3 g5
45.Bb5 Bh5 46.Bc4 gxh4 47.gxh4 Be8 48.Bb5 Bh5 49.Bc4 Be8 50.Bb5 Bh5 51.Bc4 Be8  1/2-1/2

[Event "AUT-chT2O 9596"]
[Site "AUT"]
[Date "1996.??.??"]
[Round "8"]
[White "Eisterer, Heinrich"]
[Black "Palos, Osman"]
[Result "1-0"]
[WhiteElo "2340"]
[BlackElo "2340"]

1.Nf3 d5 2.g3 Nc6 3.c4 e6 4.Bg2 g6 5.O-O Bg7 6.Na3 Nge7 7.Rb1 O-O 8.b3 e5
9.d3 f6 10.Nc2 Be6 11.Nd2 Qd7 12.b4 Bh3 13.Bxh3 Qxh3 14.b5 Nd8 15.cxd5 Nxd5
16.Nb4 Nxb4 17.Rxb4 Qd7 18.Qb3+ Ne6 19.Ne4 Kh8 20.Be3 b6 21.Rc1 h6 22.Nd2 f5
23.Rc6 Rae8 24.Nf3 f4 25.Bc1 Nc5 26.Qc2 g5 27.Rc4 fxg3 28.hxg3 Rf6 29.Ba3 e4
30.dxe4 Rxc6 31.bxc6 Qxc6 32.Bxc5 bxc5 33.e5 Bf8 34.Qd3 Be7 35.Nd4 Qa6 36.Nf5 Rd8
37.Rd4 Qxd3 38.Rxd3 Re8 39.Rd7 Bf8 40.f4 gxf4 41.gxf4 c6 42.Rc7 Re6 43.Nd6 Rg6+
44.Kf2 Bxd6 45.Rxc6 Rg4 46.Kf3 Rg1 47.exd6 Kg7 48.e4 h5 49.Rxc5 Rf1+ 50.Ke3 Re1+
51.Kd4 Rd1+ 52.Ke5 h4 53.Ke6  1-0

[Event "AUT-ch"]
[Site "AUT"]
[Date "1996.??.??"]
[Round "8"]
[White "Hinteregger, Arthur"]
[Black "Zoebisch, Herbert"]
[Result "1/2-1/2"]
[WhiteElo "2115"]
[BlackElo "2245"]

1.Nf3 d5 2.g3 c6 3.Bg2 Bg4 4.O-O Nd7 5.d3 Ngf6 6.Nbd2 e6 7.e4 Be7 8.Qe2 O-O
9.h3 Bxf3 10.Nxf3 dxe4 11.dxe4 e5 12.Nh4 g6 13.Bh6 Re8 14.Rad1 Qc7 15.c3 Rad8
16.Bg5 Nf8 17.Bxf6 Bxf6 18.Nf3 Ne6 19.Rxd8 Rxd8 20.Rd1  1/2-1/2

[Event "Bad Homburg"]
[Site "Bad Homburg"]
[Date "1996.??.??"]
[Round "1"]
[White "Hug, Werner"]
[Black "Bezold, Michael"]
[Result "1/2-1/2"]
[WhiteElo "2445"]
[BlackElo "2495"]

1.Nf3 d5 2.g3 c6 3.Bg2 Bg4 4.c4 e6 5.Qb3 Qb6 6.O-O Nd7 7.d4 Ngf6 8.Nc3 Be7
9.h3 Bh5 10.Re1 O-O 11.Bf4 Bxf3 12.Bxf3 Qxd4 13.Qxb7 Qxc4 14.Rec1 Qb4 15.Qxc6 Rac8
16.Qa6 Qxb2 17.Nd1 Rxc1 18.Rxc1 Qb6 19.Qa4 h6 20.Rc6 Qb4 21.Qxb4 Bxb4 22.Rc7 Bc5
23.h4 e5 24.Bd2 Rb8 25.e3 Bb6 26.Rc2 d4 27.exd4 exd4 28.Bf4 Re8 29.Nb2 Nc5
30.Nc4 Re1+ 31.Kg2 Nfe4 32.Nxb6 axb6 33.Rb2 g5 34.hxg5 hxg5 35.Bc7 d3 36.Bxb6 Na4
37.Rb4 Nxb6 38.Rxb6 Nc3 39.Rd6 Nxa2 40.Rxd3 Nb4  1/2-1/2

[Event "Wch Seniors (Women)"]
[Site "Bad Liebenzell"]
[Date "1996.??.??"]
[Round "?"]
[White "Kozlovskaya, Valentina"]
[Black "Khmiadashvili, Tamari"]
[Result "0-1"]
[WhiteElo "2240"]
[BlackElo "2175"]

1.Nf3 d5 2.g3 g6 3.Bg2 Bg7 4.c4 d4 5.d3 Nc6 6.O-O Nf6 7.Na3 O-O 8.Nc2 a5
9.Bg5 h6 10.Bd2 Nh5 11.b3 e5 12.Nfe1 f5 13.Rb1 Nf6 14.a3 e4 15.b4 axb4 16.axb4 Re8
17.b5 Ne5 18.h3 g5 19.f4 gxf4 20.Bxf4 Ng6 21.Nb4 Nxf4 22.gxf4 Nh5 23.Nec2 Qd6
24.e3 Ng3 25.dxe4 d3 26.Nxd3 fxe4 27.Ndb4 Nxf1 28.Qxd6 cxd6 29.Bxf1 Be6 30.Rd1 Red8
31.Nd5 Ra2 32.Ncb4 Ra1 33.Rxa1 Bxa1 34.Nc7 Bf5 35.Kf2 Kf7 36.Nc2 Bf6 37.Nd4 Bxd4
38.exd4 h5 39.Nd5 h4 40.Ne3 Kf6 41.Nd5+ Ke6 42.Bg2 Rc8 43.Bf1 Rg8 44.Bg2 Rg3
45.Ne3 b6 46.Ke2 Rg7 47.Kf2 Ra7 48.Nd5 Ra2+ 49.Kg1 Rd2 50.Nxb6 Rxd4 51.Bf1 Rd2
52.Nd5 Rb2 53.Ne3 Kf6 54.Bg2 Ke6 55.Kf1 Bg6 56.Nd5 Bh5 57.Bxe4 Be2+ 58.Kg1 Bxc4
59.Ne3 d5 60.Bf3 Rxb5 61.Bg4+ Kf6 62.Nf5 Rb2 63.Nxh4 d4 64.Ng2 Bd5 65.Ne1 Be4
66.Kf1 d3 67.Nf3 Bxf3 68.Bxf3 Kf5  0-1

[Event "Wch Seniors"]
[Site "Bad Liebenzell"]
[Date "1996.??.??"]
[Round "2"]
[White "Baumgartner, Heinz"]
[Black "Berg, George P"]
[Result "0-1"]
[WhiteElo "2300"]
[BlackElo "2155"]

1.Nf3 d5 2.g3 g6 3.Bg2 Bg7 4.d4 Nh6 5.c4 c6 6.Nc3 dxc4 7.O-O Nf5 8.e3 O-O
9.Qe2 Be6 10.Rd1 Nd6 11.Ng5 Bd7 12.a4 Qa5 13.Nge4 b5 14.Nxd6 exd6 15.Nxb5 d5
16.Nc3 Qb4 17.e4 Re8 18.Be3 dxe4 19.Bxe4 f5 20.Bg2 Be6 21.d5 Bd7 22.dxc6 Bxc6
23.Nd5 Qxb2 24.Qxc4 Kh8 25.Rab1 Qe5 26.Bd4 Qe6 27.Bxg7+ Kxg7 28.Qc3+ Qe5
29.Qxe5+ Rxe5 30.Nc7 Bxa4 31.Re1 Rxe1+ 32.Rxe1 Nc6 33.Nxa8 Nd4 34.Re7+ Kh6
35.Rxa7 Bc2 36.f4 Bb3 37.Nc7 Bc2 38.Ne8 Nb5 39.Rb7 Nd4 40.Nf6 Bb3 41.Rxh7+  0-1

[Event "Wch Seniors"]
[Site "Bad Liebenzell"]
[Date "1996.??.??"]
[Round "7"]
[White "Breustedt, Werner"]
[Black "Asmundsson, Ingvar"]
[Result "1/2-1/2"]
[WhiteElo "2240"]
[BlackElo "2365"]

1.Nf3 d5 2.g3 g6 3.c4 d4 4.b4 Bg7 5.Bb2 e5 6.d3 Ne7 7.e3 O-O 8.exd4 exd4
9.Bg2 a5 10.b5 c5 11.Bc1 b6 12.h4 Bg4 13.Qc2 Re8 14.O-O Ra7 15.Bf4 Nf5 16.Nbd2 Rae7
17.Rae1 Rxe1 18.Rxe1 Rxe1+ 19.Nxe1 Bh6 20.Bxh6 Nxh6 21.Ne4 Nf5 22.Qd2 Nd6
23.Qf4 Nxe4 24.Bxe4 Be6 25.Bc6 Nd7 26.Bxd7 Bxd7 27.Qe5 Qe8 28.Qxe8+ Bxe8
29.Ng2 f6 30.f3 Kf8 31.Kf2 Ke7 32.Nf4 Bf7 33.Ke2 Kd6 34.Nh3 Be6 35.Nf2  1/2-1/2

[Event "Wch Seniors"]
[Site "Bad Liebenzell"]
[Date "1996.??.??"]
[Round "9"]
[White "Forintos, Gyozo V"]
[Black "Klovans, Janis"]
[Result "0-1"]
[WhiteElo "2405"]
[BlackElo "2530"]

1.Nf3 d5 2.g3 Nf6 3.Bg2 c6 4.O-O Bg4 5.b3 Nbd7 6.Bb2 e6 7.c4 Bd6 8.d4 O-O
9.Nbd2 Qe7 10.h3 Bh5 11.Ne5 Rad8 12.c5 Bc7 13.g4 Bg6 14.Nxg6 fxg6 15.e3 e5
16.Qc2 Rde8 17.b4 e4 18.f4 exf3 19.Rxf3 g5 20.Re1 h5 21.Qg6 hxg4 22.hxg4 Nxg4
23.Rh3 Ndf6 24.Nf3 Nf2 25.Nxg5 Bf4 26.Nh7 Nxh3+ 27.Bxh3 Nxh7  0-1

[Event "GER-ARM"]
[Site "Baden-Baden"]
[Date "1996.??.??"]
[Round "2"]
[White "Anastasian, Ashot"]
[Black "Stangl, Markus"]
[Result "1-0"]
[WhiteElo "2550"]
[BlackElo "2565"]

1.Nf3 d5 2.g3 c6 3.Bg2 Bg4 4.c4 e6 5.cxd5 exd5 6.O-O Nd7 7.d3 Ngf6 8.Nc3 Be7
9.Qc2 O-O 10.e4 dxe4 11.dxe4 Qa5 12.h3 Bxf3 13.Bxf3 Rad8 14.a3 Bc5 15.Bf4 Bd4
16.b4 Qa6 17.Be2 b5 18.Rad1 Bxc3 19.Qxc3 Nxe4 20.Qf3 Ndf6 21.Bd3 Nc3 22.Rc1 Ncd5
23.Be5 Rfe8 24.Bb2 Rd6 25.Bf5 Qb7 26.Rfe1 Rxe1+ 27.Rxe1 Rd8 28.g4 Re8 29.Rxe8+ Nxe8
30.Bxh7+ Kxh7 31.Qe4+ Kg8 32.Qxe8+ Kh7 33.h4 Qe7 34.Qxe7 Nxe7 35.Kg2 f5 36.f3 g6
37.Bd4 a6 38.Kg3 Nd5 39.gxf5 gxf5 40.h5 Kg8 41.Be5 Kh7 42.Kh4 Ne3 43.Kg5 Nc4
44.Kxf5 Nxa3 45.f4 Nc4 46.Ke6 a5 47.bxa5 Nxa5 48.f5 c5 49.f6 Nc6 50.Bc7 Nd4+
51.Kd7 Kg8 52.Ke8 Ne6 53.f7+ Kg7 54.Ke7  1-0

[Event "Bagneux"]
[Site "Bagneux"]
[Date "1996.??.??"]
[Round "6"]
[White "Gyorkos, Lajos"]
[Black "Payen, Arnaud"]
[Result "1-0"]
[WhiteElo "2390"]
[BlackElo "2300"]

1.Nf3 d5 2.g3 c6 3.Bg2 Nf6 4.O-O Bf5 5.d3 e6 6.c4 dxc4 7.dxc4 Qxd1 8.Rxd1 Nbd7
9.Nc3 h6 10.Be3 Bb4 11.Rac1 O-O 12.a3 Bc5 13.Bxc5 Nxc5 14.Nd4 Rad8 15.b4 Rxd4
16.Rxd4 Nb3 17.Rcd1 Nxd4 18.Rxd4 e5 19.Rd2 Be6 20.c5 Rc8 21.f4 Kf8 22.h3 Ke7
23.Kf2 Rc7 24.e3 Nd7 25.g4 f6 26.Ne4 Bd5 27.Nd6 Bxg2 28.Kxg2 b6 29.cxb6 axb6
30.Kf3 c5 31.Nf5+ Kf7 32.b5 c4 33.Rc2 c3 34.Nd6+ Ke6 35.Ne4 exf4 36.exf4 Rc4
37.Rxc3 Ra4 38.Re3 Kf7 39.Nd6+ Kg6 40.Nf5 Nc5 41.Re7 Rxa3+ 42.Ke2 Kh7 43.Rxg7+ Kh8
44.Rg6 Ne6 45.Rxf6 Nxf4+ 46.Kd2 Rd3+ 47.Kc2 Rxh3 48.Rxb6 h5 49.Rh6+ Kg8 50.b6 Rh2+
51.Kb3 Rh1 52.Ka2 Nd5 53.b7 Nc3+ 54.Kb3 Rb1+ 55.Kxc3 hxg4 56.Nd6 Kg7 57.Rh1 Rb6
58.Kc4  1-0

[Event "Bagneux"]
[Site "Bagneux"]
[Date "1996.??.??"]
[Round "8"]
[White "Neiman, Emmanuel"]
[Black "Payen, Arnaud"]
[Result "1-0"]
[WhiteElo "2295"]
[BlackElo "2300"]

1.Nf3 d5 2.g3 c6 3.Bg2 Nf6 4.O-O Bf5 5.d3 h6 6.Nbd2 e6 7.Qe1 Be7 8.e4 Bh7
9.Qe2 Qc7 10.Ne1 O-O 11.Kh1 c5 12.f4 Nc6 13.e5 Nd7 14.Ndf3 b5 15.g4 b4 16.Be3 d4
17.Bf2 Nb6 18.Nd2 Qd7 19.Bg3 Nd5 20.Nc4 Rad8 21.Nf3 a5 22.Nfd2 a4 23.Qf3 a3
24.b3 Na7 25.f5 Nb5 26.Ne4 f6 27.fxe6 Qxe6 28.Ned6 Nbc3 29.Nf5 fxe5 30.Bxe5 Ne3
31.Ncxe3 Qxe5 32.Nc4 Qc7 33.Qc6 Qxc6 34.Nxe7+ Kh8 35.Nxc6 Rxf1+ 36.Bxf1 Rf8
37.Kg1 Rf4 38.h3 Bg8 39.Ne7 Be6 40.Ng6+  1-0

[Event "Balatonalm di op"]
[Site "Balaton"]
[Date "1996.??.??"]
[Round "1"]
[White "Zemerov, Vladimir"]
[Black "Frink, Szabolcs"]
[Result "1-0"]
[WhiteElo "2410"]
[BlackElo "2140"]

1.Nf3 d5 2.g3 e6 3.Bg2 Nf6 4.O-O c5 5.c4 Nc6 6.d4 dxc4 7.Ne5 Nxe5 8.dxe5 Qxd1
9.Rxd1 Nd7 10.f4 Rb8 11.a4 Be7 12.Na3 O-O 13.Nxc4 b6 14.Nd6 Rd8 15.Nb5 a6
16.Na7 Bb7 17.Nc6 Bxc6 18.Bxc6 Nf8 19.Bd2 f6 20.Bc3 Rxd1+ 21.Rxd1 Rd8 22.Rxd8 Bxd8
23.Bb7 a5 24.Kf2 Kf7 25.Ke3 Ng6 26.exf6 gxf6 27.Kd3 Ke7 28.Kc4 Kd6 29.Be4 f5
30.Bb1 e5 31.Bxf5 exf4 32.Bxg6 hxg6 33.gxf4 Ke6 34.e4 Bc7 35.Bd2 g5 36.fxg5 Bxh2
37.Kb5 Bc7 38.Bc3  1-0

[Event "Balatonalm di op"]
[Site "Balaton"]
[Date "1996.??.??"]
[Round "5"]
[White "Geroly, Jozsef"]
[Black "Schuetz, Peter"]
[Result "0-1"]
[WhiteElo "2205"]
[BlackElo "2020"]

1.Nf3 d5 2.g3 Nf6 3.Bg2 g6 4.O-O Bg7 5.d4 O-O 6.c4 c6 7.Nc3 dxc4 8.a4 Be6
9.e4 Qc8 10.Ng5 Bg4 11.f3 Bd7 12.e5 Nd5 13.f4 Bg4 14.Bf3 Bxf3 15.Qxf3 Nb4
16.Be3 N4a6 17.Rac1 Nc7 18.g4 f5 19.exf6 exf6 20.Nge4 Rd8 21.f5 gxf5 22.gxf5 Nba6
23.Rc2 Nd5 24.Rg2 Kh8 25.Nc5 Nxc5 26.dxc5 Nxc3 27.bxc3 Rd3 28.Qg4 Qd7 29.Bd4 Re8
30.Kh1 Qf7 31.Rfg1 Re7 32.Qxg7+ Qxg7 33.Bxf6 Rdd7 34.Rg4 h6 35.Rg6 Qxf6 36.Rxf6 Kh7
37.Rd6 Rxd6 38.cxd6 Rd7 39.Re1 Kg7  0-1

[Event "Balatonalm di op"]
[Site "Balaton"]
[Date "1996.??.??"]
[Round "6"]
[White "Volkmann, Friedrich"]
[Black "Kincs, Imre"]
[Result "0-1"]
[WhiteElo "2355"]
[BlackElo "2225"]

1.Nf3 d5 2.g3 Nf6 3.Bg2 c6 4.O-O Bg4 5.d3 Nbd7 6.c4 e6 7.Be3 Be7 8.Qb3 Qc7
9.Nc3 dxc4 10.dxc4 e5 11.h3 Bh5 12.Nh4 Bg6 13.Nxg6 hxg6 14.Rfd1 Bc5 15.Bxc5 Nxc5
16.Qc2 a5 17.b3 O-O 18.a3 Rfd8 19.b4 axb4 20.axb4 Rxa1 21.Rxa1 Ne6 22.e3 Qd6
23.b5 Rc8 24.bxc6 bxc6 25.Qb3 Nc5 26.Qa3 Nfd7 27.Rd1 Qf8 28.Qa7 Qd8 29.Ra1 f5
30.Qa5 Qf8 31.Rd1 e4 32.Qa7 Ne5 33.Bf1 Ne6 34.Be2 g5 35.Qa5 Qc5 36.Qxc5 Nxc5
37.Kg2 Kf7 38.g4 g6 39.Kg3 Ne6 40.Rd6 Ke7 41.Rd2 Ra8 42.h4 Ra3 43.Rc2 f4+
44.Kh3 f3 45.Bd1 Ra1 46.hxg5 Nxg5+ 47.Kg3 Ne6 48.g5 Nxg5 49.Kf4 Kf6 50.Rd2 Nd3+
51.Kg4 Rc1 52.Bc2 Rg1+ 53.Kh4 Rh1+ 54.Kg4 Ne5+ 55.Kf4 Rh4+ 56.Kg3 Rh3+ 57.Kf4 Ne6+
58.Kxe4 Rh4+  0-1

[Event "Balatonbereny op"]
[Site "Balatonbereny"]
[Date "1996.??.??"]
[Round "6"]
[White "Collas, Didier"]
[Black "Izsak, Gyula"]
[Result "1-0"]
[WhiteElo "2380"]
[BlackElo "2435"]

1.Nf3 d5 2.g3 e6 3.Bg2 Nf6 4.O-O a6 5.b3 c5 6.c4 Nc6 7.cxd5 Nxd5 8.Bb2 Nf6
9.d4 Be7 10.dxc5 Qxd1 11.Rxd1 Bxc5 12.Nbd2 O-O 13.Rac1 Be7 14.Nc4 Nd7 15.Nd4 Nd8
16.Nc2 Nc6 17.Nd6 Nf6 18.Ne3 Nb4 19.a3 Nbd5 20.Nxc8 Raxc8 21.Rxc8 Rxc8 22.Bxd5 Nxd5
23.Nxd5 exd5 24.Rxd5 b5 25.Rd7 Bf8 26.Ra7 Rc6 27.b4 f6 28.e3 Rc2 29.Bd4 Rc6
30.Kg2 Re6 31.Kf3 Be7 32.h4 g6 33.Ke2 h5 34.Kd3 f5 35.Rb7 Bf8 36.f4 Be7 37.Be5 Bf6
38.Kd4 Bxe5+ 39.fxe5 Rc6 40.Kd5 Rc3 41.Ke6 Rc6+ 42.Kd7 Rc3 43.Ke7 Kg7  1-0

[Event "Balatonbereny IM-A"]
[Site "Balatonbereny"]
[Date "1996.??.??"]
[Round "6"]
[White "Habibi, Ali"]
[Black "Frosch, Erich"]
[Result "0-1"]
[WhiteElo "2405"]
[BlackElo "2275"]

1.Nf3 d5 2.g3 g6 3.Bg2 Bg7 4.c4 d4 5.d3 e5 6.O-O Ne7 7.Nbd2 O-O 8.Rb1 a5
9.b3 c5 10.a3 Na6 11.Ne1 Qc7 12.Nc2 Nc6 13.e3 Re8 14.e4 Be6 15.Nf3 f6 16.Nh4 Rab8
17.a4 Ncb4 18.Na3 Na2 19.Nb5 Qd7 20.Ba3 N6b4 21.Qd2 b6 22.Rb2 Nc3 23.Nxc3 dxc3
24.Qxc3 Rbd8 25.Rd1 Nc6 26.Rbd2 Nd4 27.Re1 Bh6 28.Rdd1 Bg4 29.f3 Be6 30.Kh1 Bg5
31.Bb2 Qg7 32.Bc1 Qh6 33.Bd2 Rd7 34.Rf1 Red8 35.Rf2 Qh5 36.Kg1 Bxh4 37.gxh4 Qxh4
38.Be1 Qh5 39.Rdd2 Bh3 40.Rd1 Bxg2 41.Kxg2 Ne6  0-1

[Event "Balatonbereny op"]
[Site "Balatonbereny"]
[Date "1996.??.??"]
[Round "7"]
[White "Ionescu, Constantin"]
[Black "Lukacs, Peter"]
[Result "1/2-1/2"]
[WhiteElo "2525"]
[BlackElo "2440"]

1.Nf3 d5 2.g3 c6 3.Bg2 Nf6 4.O-O Bg4 5.d3 e6 6.c4 Nbd7 7.b3 Bd6 8.Bb2 Qe7
9.Nbd2 O-O 10.a3 a5 11.Re1 e5 12.Nf1 dxc4 13.dxc4 Bc5 14.h3 Bf5 15.Qc1  1/2-1/2

[Event "Balatonbereny op"]
[Site "Balatonbereny"]
[Date "1996.??.??"]
[Round "8"]
[White "Arnold, Johannes"]
[Black "Weteschnik, Martin"]
[Result "1-0"]
[WhiteElo "2190"]
[BlackElo "2020"]

1.Nf3 d5 2.g3 c5 3.c4 dxc4 4.Na3 g6 5.Nxc4 Nh6 6.d4 Nf5 7.dxc5 Qxd1+ 8.Kxd1 Na6
9.e4 Nh6 10.Be3 Bg7 11.Rb1 Bg4 12.Be2 O-O-O+ 13.Kc1 Nb4 14.a3 Nd3+ 15.Kc2 f5
16.h3 Bh5 17.exf5 gxf5 18.Bxh6 Bxh6 19.Bxd3 Rxd3 20.Kxd3 Bxf3 21.Rhe1 Rd8+
22.Kc3 Bg7+ 23.Kb4 Bf6 24.Re6 Bg7 25.Rxe7 Bf8 26.Nd6+ Kb8 27.Re8 Rxe8 28.Nxe8 b6
29.Nd6 bxc5+ 30.Kxc5 Kc7 31.Kd4 Kxd6 32.Ke3 Be4 33.Rd1+ Kc6 34.g4 Bg2 35.gxf5 Bxh3
36.Kf4 Bg7 37.Rh1 Bg2 38.Rg1 Bh6+ 39.Ke5 Bf3 40.Rg3 Be2 41.Rh3 Bf8 42.Rxh7 Bd6+
43.Ke4 Bd1 44.Rxa7 Bc2+ 45.Kf3 Bxf5 46.b4 Bc7 47.Rxc7+ Kxc7 48.Kf4 Bd7 49.Ke5 Bc6
50.f4 Kb6 51.f5 Kc7 52.f6 Kd8 53.Kd6 Be8 54.b5  1-0